Quy chế đấu thầu = Regulation on bidding : Ban hành kèm theo nghị định số 88

Đã lưu trong:
书目详细资料
格式: 图书
出版: Xây dựng 2000
标签: 添加标签
没有标签, 成为第一个标记此记录!
Thư viện lưu trữ: Mạng thư viện Đại học Đà Nẵng
LEADER 00559nam a2200217 a 4500
001 000029782
003 6504
005 20171030145630.0
008 171030s2000
020 |c 22000 
040 |a LTT 
082 0 |a 343.6  |b Qu-C 
245 0 0 |a Quy chế đấu thầu = Regulation on bidding : Ban hành kèm theo nghị định số 88  |c 1999 
260 |b Xây dựng  |c 2000 
OWN |a LTT 
999 |a From the UDN01 
TYP |a Monograph 
TYP |a Printed language 
980 |a Mạng thư viện Đại học Đà Nẵng